Tanaman obat untuk mengatasi hepatitis
| Main Author: | |
|---|---|
| Format: | Book |
| Published: |
Jakarta :
AgroMedia Pustaka ,
2005
|
| Subjects: |
MARC
| LEADER | 00000cam a2200000 7i4500 | ||
|---|---|---|---|
| 001 | 0000003518 | ||
| 005 | 20060406.0 | ||
| 020 | 0 | 0 | |a 9793034165 |
| 090 | 0 | 0 | |a 581.634 |b EFI |
| 100 | 1 | 0 | |a Efi Afifah |
| 245 | 1 | 0 | |a Tanaman obat untuk mengatasi hepatitis |c Efi Afifah & Tim Lentera |
| 260 | 0 | 0 | |a Jakarta : |b AgroMedia Pustaka , |c 2005 |
| 300 | |a iv, 94 p. : |b ill., col. ; |c 19 cm. | ||
| 650 | 0 | 0 | |a Hepatitis |
| 650 | 0 | 0 | |a Medicinal plants |
| 650 | 0 | 0 | |a Traditional medicine |
| 999 | |a 0000006916 |b Monograph |c Open Shelf |e Default branch | ||